01481cam a2200325 a 4500999001700000001000700017005001700024008004100041010001700082020001500099035002000114040004200134042001400176043001200190050002100202245017700223260009600400300004000496500015700536504005400693600004400747600004600791650005000837700001700887700002500904710003200929710003900961942003301000952012201033 c24329d2432969368920170128111528.0961107s1997 inua bc 000 0 eng d a 96071288  a0295976039 a(OCoLC)36620231 aInIMucInIMudInITdIDeKNdOCoLCdDLC alccopycat ae-sp---04aND806b.P35 199700aPainting in Spain in the age of enlightenment :bGoya and his contemporaries /cRonda Kasl and Suzanne L. Stratton, curators of the exhibition and editors of the catalogue. a[Indianapolis] :bIndianapolis Museum of Art ;aNew York :bThe Spanish Institute ,cc1997. a295 p. :bill. (some col.),c28 cm. aCatalog of an exhibition held at the Indianapolis Museum of Art, November 23, 1996-January 19, 1997 and at the Spanish Institute, New York, Spring 1997. aIncludes bibliographical references (p. 287-295).10aGoya, Francisco,d1746-1828xInfluence.10aGoya, Francisco,d1746-1828vExhibitions. 0aPainting, Spanishy18th centuryvExhibitions.1 aKasl, Ronda.1 aStratton, Suzanne L.2 aIndianapolis Museum of Art.2 aSpanish Institute (New York, N.Y.) 2lcccBOOKShND806 .P35 1997 00102lcc4070aMUCbMUCcTECHd2017-01-28eDonation(BFA)l0oND806 .P35 1997p32486r2018-05-31w2017-01-28yBOOKS